My Chemical Romance Discography - Statistics

General Stats
  • This quiz has been taken 163 times
  • The average score is 53 of 84
Answer Stats
Answer % Correct
Danger Days S/C/A/R/E/C/R/O/W
100%
Three Cheers for Sweet Revenge Helena
89%
The Black Parade Welcome to the Black Parade
86%
The Black Parade Cancer
85%
Three Cheers for Sweet Revenge The Ghost of You
83%
The Black Parade Blood
82%
I Brought You My Bullets, You Brought Me Your Love Demolition Lovers
82%
Three Cheers for Sweet Revenge I'm Not Okay(I Promise)
82%
The Black Parade Dead
81%
The Black Parade Mama
81%
Three Cheers for Sweet Revenge Cemetery Drive
80%
Three Cheers for Sweet Revenge You Know What They Do to Guys Like Us in Prison
80%
The Black Parade Famous Last Words
79%
Three Cheers for Sweet Revenge Give Em Hell, Kid
79%
Three Cheers for Sweet Revenge Thank You For The Venom
79%
I Brought You My Bullets, You Brought Me Your Love Vampires Will Never Hurt You
79%
The Black Parade Teenagers
78%
The Black Parade The End
78%
I Brought You My Bullets, You Brought Me Your Love Honey, This Mirror isn't Big Enough for the Two of Us
77%
The Black Parade House of Wolves
77%
The Black Parade I Don't Love You
77%
Three Cheers for Sweet Revenge Interlude
77%
I Brought You My Bullets, You Brought Me Your Love Romance
77%
The Black Parade The Sharpest Lives
77%
I Brought You My Bullets, You Brought Me Your Love Cubicles
75%
The Black Parade Disenchanted
75%
Three Cheers for Sweet Revenge Hang Em High
75%
I Brought You My Bullets, You Brought Me Your Love Our Lady of Sorrows
75%
The Black Parade Sleep
75%
I Brought You My Bullets, You Brought Me Your Love Early Sunsets over Monroeville
73%
The Black Parade This is How I Disappear
73%
Danger Days Na Na Na (Na Na Na Na Na Na)
72%
I Brought You My Bullets, You Brought Me Your Love Skylines and Turnstiles
72%
Three Cheers for Sweet Revenge The Jetset Life is Gonna Kill You
72%
I Brought You My Bullets, You Brought Me Your Love Drowning Lessons
71%
Three Cheers for Sweet Revenge I Never Told You What I Do For a Living
71%
Three Cheers for Sweet Revenge It's Not a Fashion Statement, It's a Deathwish
70%
Three Cheers for Sweet Revenge To the End
70%
I Brought You My Bullets, You Brought Me Your Love Headfirst for Halos
68%
Danger Days Summertime
67%
I Brought You My Bullets, You Brought Me Your Love This is the Best Day Ever
67%
The Black Parade B-Sides Kill All Your Friends
66%
Life On the Murder Scene Desert Song
65%
Danger Days Destroya
65%
Danger Days Vampire Money
65%
Misc. Singles SING
63%
Danger Days Bulletproof Heart
62%
Life On the Murder Scene Bury Me In Black
61%
Danger Days Look Alive, Sunshine
61%
Conventional Weapons Gun.
60%
Conventional Weapons The Light Behind Your Eyes
60%
Danger Days Planetary(GO!)
59%
Conventional Weapons Boy Division
58%
Living With Ghosts Emily
58%
Danger Days The Kids From Yesterday
58%
Danger Days Party Poison
57%
Conventional Weapons AMBULANCE
56%
Mad Gear and the Missile Kid EP F.T.W.W.W
56%
Conventional Weapons Kiss the Ring
56%
Danger Days Save Yourself, I'll Hold Them Back
56%
Danger Days Goodnite, Dr. Death
54%
The Black Parade B-Sides Heaven Help Us
54%
Danger Days Jet-Star and the Kobra Kid/Traffic Report
54%
The Black Parade B-Sides My Way Home is Through You
54%
Conventional Weapons Make Room!!!
52%
Danger Days The Only Hope for Me Is You
52%
Living With Ghosts All The Angels
48%
Living With Ghosts The Five of Us are Dying
46%
Conventional Weapons Tomorrow's Money
46%
Conventional Weapons Surrender the Night
45%
Conventional Weapons Burn Bright
44%
Mad Gear and the Missile Kid EP Mastas of Ravenkroft
44%
Mad Gear and the Missile Kid EP Black Dragon Fighting Society
43%
Misc. Singles Desolation Row
42%
Living With Ghosts Party at the End of the World
42%
Living With Ghosts Not That Kind of Girl
41%
Danger Days Zero Percent
39%
Danger Days We Don't Need Another Song about California
37%
Conventional Weapons Fake Your Death
32%
Misc. Singles Foundations of Decay
28%
Misc. Singles Every Snowflake is Different(Just Like You)
24%
Misc. Singles All I Want For Christmas Is You
21%
Conventional Weapons The World is Ugly(But You're Beautiful to Me))
16%
Misc. Singles An Offering
2%
No matching quizzes found
Score Distribution
Percent of People with Each Score
Percentile by Number Answered
Your Score History
You have not taken this quiz